[Event "28th Elekes Mem GM"]
[Site "Budapest HUN"]
[Date "2003.05.25"]
[Round "9"]
[White "Turov,M"]
[Black "Brustkern,J"]
[Result "1-0"]
[WhiteElo "2531"]
[BlackElo "2323"]

1.e4 d5 2.exd5 Qxd5 3.Nc3 Qd6 4.d4 Nf6 5.g3 Bg4 6.f3 Bf5 7.Bf4 Qb4 8.Qd2 c6
9.O-O-O e6 10.g4 Bg6 11.Bc7 Na6 12.a3 Qe7 13.Bg3 Nc7 14.h4 h6 15.Bg2 Qd7
16.h5 Bh7 17.Ne4 Be7 18.Ne2 Bxe4 19.fxe4 Nxg4 20.Kb1 Bg5 21.Qb4 Na6 22.Qb3 Ne3
23.Rdg1 Nxg2 24.Rxg2 O-O-O 25.Bh4 f6 26.Bf2 b6 27.Rd1 Kb7 28.Qf3 f5 29.exf5 exf5
30.Be3 Bf6 31.Ng3 Qd5 32.Qxd5 Rxd5 33.c4 Rd7 34.Nxf5 Nc7 35.Rf1 Ne6 36.Rg4 Rhd8
37.Kc2 Nxd4+ 38.Bxd4 Bxd4 39.Nxd4 Rxd4 40.Rxg7+ Ka6 41.Kb3 Rd3+ 42.Ka2 R8d4
43.c5 Rd5 44.cxb6 axb6 45.Rf6 Rxh5 46.Rxc6 Rc5 47.Rxh6 Rd2 48.Rhh7 Rcc2 49.Ra7+ Kb5
50.Rh5+ Rc5 51.Rh3 Rd6 52.a4+ Kc6 53.b4 Rc4 54.Kb3 Rcd4 55.b5+ Kd5 56.Rh5+ Ke6
57.Rh6+ Kd5 58.Rxd6+ Kxd6 59.Rb7  1-0

[Event "CRO-Cup"]
[Site "Rabac CRO"]
[Date "2003.05.26"]
[Round "1"]
[White "Zivkovic,Vj"]
[Black "Sermek,D"]
[Result "0-1"]
[WhiteElo "2377"]
[BlackElo "2571"]

1.e4 d5 2.exd5 Qxd5 3.Nc3 Qd6 4.d4 Nf6 5.Nb5 Qd8 6.c4 c6 7.Nc3 Bg4 8.Be2 Bxe2
9.Ngxe2 e6 10.O-O Be7 11.Be3 O-O 12.Qb3 Qb6 13.Qc2 Qa6 14.b3 b5 15.c5 b4
16.Na4 Nbd7 17.Nf4 Rfd8 18.Rad1 e5 19.dxe5 Nxe5 20.Bd4 Ng6 21.Bxf6 Bxf6 22.Nh5 Be7
23.Ng3 Bf8 24.Nf5 Nf4 25.Nd6 Nd5 26.Qc4 Qxc4 27.Nxc4 Nf4 28.Ne5 Rdc8 29.Rfe1 Ne6
30.Nd7 Be7 31.f4 g6 32.g4 Bh4 33.Re4 Rd8 34.Rxb4 a5 35.Rc4 Ra7 36.Nab6 Be7
37.Re1 Rdxd7 38.Nxd7 Rxd7 39.f5 Ng7 40.Rxe7 Rxe7 41.f6 Re1+ 42.Kf2 Rh1 43.Kg2 Ra1
44.Ra4 Ne6 45.Rxa5 h5 46.Ra8+ Kh7 47.Ra7 hxg4 48.Rxf7+ Kh6 49.Ra7 Nxc5 50.Ra8 Nd7
51.Rh8+ Kg5 52.f7 Rxa2+ 53.Kg1 Ra1+ 54.Kg2 Ra2+ 55.Kg1 g3 56.hxg3 Kg4 57.f8=Q Nxf8
58.Rxf8 Kxg3 59.Rf1 Rc2 60.Rd1 g5 61.b4 g4 62.Rb1 Kh3 63.Rd1 Rb2 64.Rc1 g3
65.Rd1  0-1

[Event "28th Elekes Mem GM"]
[Site "Budapest HUN"]
[Date "2003.05.27"]
[Round "11"]
[White "Medvegy,N"]
[Black "Brustkern,J"]
[Result "1/2-1/2"]
[WhiteElo "2385"]
[BlackElo "2323"]

1.e4 d5 2.exd5 Qxd5 3.Nc3 Qd6 4.d4 Nf6 5.Nf3 a6 6.g3 b5 7.Bg2 Bb7 8.O-O e6
9.Bf4 Qb6 10.a4 Bd6 11.Bg5 Nbd7 12.Qe2 b4 13.a5 Qa7 14.Na4 O-O 15.c4 bxc3
16.bxc3 c5 17.dxc5 Nxc5 18.Rfd1 Be7 19.Be3 Bc6 20.Nb6 Rad8 21.Bf1 Be4  1/2-1/2

[Event "Bosnia GM"]
[Site "Sarajevo BIH"]
[Date "2003.05.27"]
[Round "9"]
[White "Movsesian,S"]
[Black "Kurajica,B"]
[Result "1-0"]
[WhiteElo "2659"]
[BlackElo "2551"]

1.e4 d5 2.exd5 Qxd5 3.Nc3 Qd6 4.d4 Nf6 5.Nf3 a6 6.Bd3 g6 7.O-O Bg7 8.Bg5 Nc6
9.h3 O-O 10.Be3 Nb4 11.Ne4 Nxe4 12.Bxe4 f5 13.Bd3 Nxd3 14.Qxd3 b5 15.a4 Rb8
16.axb5 axb5 17.Rfe1 Bb7 18.Bg5 e6 19.Qe3 Bxf3 20.Qxf3 Qxd4 21.Rxe6 Qxb2
22.Rae1 Qc3 23.Qd5 Qd4 24.Qc6 Rb6 25.Qxc7 Rxe6 26.Rxe6 Ra8 27.Bf4 Bf8 28.Be5 Qa7
29.Qc3 Qf7 30.Rc6 Re8 31.Qg3 Re6 32.Rc8 Qd7 33.Rb8 Kf7 34.Qb3 b4 35.Ra8 Qc6
36.Ra7+ Be7 37.Bf4 Qc3 38.Qxc3 bxc3 39.Bg5 Re1+ 40.Kh2  1-0

[Event "CRO-Cup"]
[Site "Rabac CRO"]
[Date "2003.05.28"]
[Round "3"]
[White "Golubovic,B"]
[Black "Sermek,D"]
[Result "1/2-1/2"]
[WhiteElo "2426"]
[BlackElo "2571"]

1.e4 d5 2.exd5 Qxd5 3.Nc3 Qd6 4.d4 Nf6 5.Bc4 a6 6.Bb3 e6 7.Nge2 b5 8.Bf4 Qd8
9.d5 c5 10.dxc6 Qxd1+ 11.Rxd1 Nxc6 12.O-O Bb7 13.Ng3 Na5 14.Rfe1 Bb4 15.Bd6 Bxd6
16.Rxd6 Rd8 17.Rxd8+ Kxd8 18.Nce4 Nxe4  1/2-1/2

[Event "17th Open"]
[Site "Pula CRO"]
[Date "2003.06.02"]
[Round "3"]
[White "Kveinys,A"]
[Black "Susak,Z"]
[Result "1-0"]
[WhiteElo "2539"]
[BlackElo "2179"]

1.e4 d5 2.exd5 Qxd5 3.Nc3 Qd8 4.d4 Nf6 5.Bg5 c6 6.Bc4 b5 7.Be2 b4 8.Nb1 Nbd7
9.Nf3 e6 10.O-O Be7 11.a3 O-O 12.axb4 Bxb4 13.Nbd2 Be7 14.Ne5 Bb7 15.Ndc4 a5
16.Nxd7 Nxd7 17.Bxe7 Qxe7 18.Nxa5 Rab8 19.c3 Ba8 20.Nc4 e5 21.Re1 e4 22.Ra7 Qe6
23.b4 Nf6 24.Ne5 Rb7 25.Qa4 Rxa7 26.Qxa7 Qf5 27.Ra1 h6 28.Bc4 Ng4 29.Bxf7+  1-0

[Event "IV Open"]
[Site "Lido Estensi ITA"]
[Date "2003.06.07"]
[Round "2"]
[White "Manca,F"]
[Black "Sulava,N"]
[Result "1-0"]
[WhiteElo "2350"]
[BlackElo "2516"]

1.e4 d5 2.exd5 Qxd5 3.Nc3 Qd6 4.d4 Nf6 5.Nf3 a6 6.Be3 Bf5 7.Ne5 Nc6 8.g4 Nxe5
9.gxf5 Neg4 10.Qf3 c6 11.O-O-O Nxh2 12.Rxh2 Qxh2 13.d5 Rc8 14.dxc6 Rxc6 15.Bxa6 Qc7
16.Nb5 Qb8 17.Qf4 e5 18.fxe6 Qc8 19.Na7 Qxe6 20.Bxb7 Rd6 21.Bc6+  1-0

[Event "IEWCC"]
[Site "Istanbul TUR"]
[Date "2003.06.08"]
[Round "6"]
[White "Peptan,C"]
[Black "Galliamova,A"]
[Result "0-1"]
[WhiteElo "2471"]
[BlackElo "2489"]

1.e4 d5 2.exd5 Qxd5 3.Nc3 Qd6 4.d4 Nf6 5.Nf3 a6 6.Bg5 b5 7.Bd3 Bb7 8.Qe2 Nbd7
9.O-O-O e6 10.Kb1 Be7 11.Ne5 O-O 12.f4 Nb6 13.Bxf6 Bxf6 14.Ne4 Qe7 15.Rhf1 Na4
16.c3 Rad8 17.Bc2 g6 18.Bxa4 Bxe5 19.Nc5 Bd5 20.Bb3 Bxb3 21.axb3 Bd6 22.Nxa6 c6
23.Qf3 Rc8 24.Qe3 b4 25.c4 Ra8 26.Nc5 Bxc5 27.dxc5 Qf6 28.g4 Ra5 29.f5 Rfa8
30.fxe6 Ra1+ 31.Kc2 Qxb2+ 32.Kd3 Rd8+ 33.Ke4 f5+ 34.gxf5 Raxd1 35.Rxd1 Rxd1
36.e7 Kf7 37.fxg6+ Ke8 38.gxh7 Qc2+ 39.Kf3 Qxh7 40.Qe5 Qd3+ 41.Kf4 Qd4+  0-1

[Event "4th IECC"]
[Site "Istanbul TUR"]
[Date "2003.06.08"]
[Round "9"]
[White "Asrian,K"]
[Black "Kurajica,B"]
[Result "1-0"]
[WhiteElo "2596"]
[BlackElo "2551"]

1.e4 d5 2.exd5 Qxd5 3.Nc3 Qd6 4.d4 Nf6 5.Nf3 a6 6.g3 g6 7.Bg2 Bg7 8.O-O O-O
9.Bf4 Qd8 10.Qd2 c6 11.Rfe1 Bg4 12.Ne5 Be6 13.Rad1 Nbd7 14.Qc1 Nb6 15.Bh6 Qc8
16.Bxg7 Kxg7 17.Ne4 Bh3 18.Nc5 Bg4  1-0

[Event "IV Open"]
[Site "Lido Estensi ITA"]
[Date "2003.06.09"]
[Round "3"]
[White "Ronchetti,N"]
[Black "Dubois,M"]
[Result "1-0"]
[WhiteElo "2224"]
[BlackElo "2029"]

1.e4 d5 2.exd5 Qxd5 3.Nc3 Qd6 4.d4 Nf6 5.Bc4 a6 6.Nf3 Bg4 7.Qe2 Nc6 8.Be3 O-O-O
9.O-O-O Qb4 10.Bxf7 Rd6 11.Bb3 Na5 12.h3 Nxb3+ 13.axb3 Bxf3 14.Qxf3 e6 15.Ne4 Rc6
16.Nxf6 gxf6 17.d5 exd5 18.Qxd5 Bc5 19.Rhe1 Kb8 20.Bxc5 Rxc5 21.Qd4 Qxd4
22.Rxd4 h5 23.h4 Rg8 24.g3 Rf5 25.Re2 c5 26.Rd7 Kc8 27.Ree7 Re8 28.Rxe8+ Kxd7
29.Re2 Kd6 30.Kd2 Rd5+ 31.Ke1 f5 32.Re8 Re5+ 33.Rxe5 Kxe5 34.f3 b5 35.Kf2 a5
36.c3 a4 37.bxa4 bxa4 38.Ke3 c4 39.Kf2 Kf6 40.Kg2 Kg6 41.Kh3 Kh6 42.g4 f4
43.g5+ Kg6 44.Kg2  1-0

[Event "FSIM June"]
[Site "Budapest HUN"]
[Date "2003.06.11"]
[Round "5"]
[White "Omar,H"]
[Black "Werner,Di"]
[Result "1/2-1/2"]
[WhiteElo "2178"]
[BlackElo "2359"]

1.e4 d5 2.exd5 Qxd5 3.Nc3 Qd6 4.d4 Nf6 5.Nf3 a6 6.Bd3 g6 7.Ne4 Nxe4 8.Bxe4 Bg7
9.c3 Nd7 10.Bc2 c5 11.Be3 cxd4 12.Bxd4 Bxd4 13.Nxd4 Qe5+ 14.Qe2 Qxe2+ 15.Nxe2 e5
16.O-O-O O-O 17.Rd5 Re8 18.Rhd1 Nf6 19.Rd6 Be6 20.Ng3 Rac8 21.Ne4 Nxe4 22.Bxe4 Rc7
23.Bd5 Bc8 24.Re1 Kf8 25.Bb3 Rd7 26.Rxd7 Bxd7 27.Bd5 b6 28.Rd1 Ke7 29.Bc4 a5
30.Re1 f6 31.f4 Kd6 32.Rd1+ Kc7 33.Rxd7+ Kxd7 34.Bb5+ Ke7 35.Bxe8 Kxe8 36.fxe5 fxe5
37.Kd2 Kd7 38.Kd3 Kd6 39.Ke4 b5 40.g4 a4 41.b3 a3 42.Ke3 Kd5 43.Kd3 Kc5 44.Ke4 Kd6  1/2-1/2

[Event "IEWCC"]
[Site "Istanbul TUR"]
[Date "2003.06.12"]
[Round "9"]
[White "Milliet,S"]
[Black "Houska,Jo"]
[Result "1/2-1/2"]
[WhiteElo "2240"]
[BlackElo "2386"]

1.e4 d5 2.exd5 Qxd5 3.Nc3 Qd6 4.d4 Nf6 5.Nf3 a6 6.Be3 e6 7.Qd2 b5 8.Bf4 Qd8
9.Bd3 Bb7 10.Qe2 Be7 11.a3 Nbd7 12.Rd1 O-O 13.O-O Qc8 14.Ne5 c5 15.Nxd7 Qxd7
16.dxc5 Qc6 17.f3 Bxc5+ 18.Kh1 Rfe8 19.Be5 Nd5 20.Be4 Rad8 21.Qe1 f5 22.Qg3 g6
23.Nxd5 exd5 24.Bxf5 Rxe5 25.Qxe5 gxf5 26.Qxf5 Rd6 27.Rfe1 Rg6 28.Re5 Bc8
29.Qh5 Be6 30.Rde1 Bd4 31.Rxe6 Rxe6 32.Qg4+ Kf7 33.Rxe6 Qxe6 34.Qxd4 Qe1+
35.Qg1 Qd2 36.Qb1 d4 37.h3 Kf6 38.b4 Kg5 39.Kg1 Qe3+ 40.Kf1 Qxa3 41.Qe1 Qb2
42.Qd2+ Kf5 43.Ke2 Ke5 44.Kd3 Qb1 45.Qg5+ Ke6 46.Qg4+ Kf7 47.Qf5+ Ke7 48.Qxh7+ Kf6
49.Qh4+ Kf7 50.Qf4+ Ke6 51.Qe4+ Kf7 52.Qd5+ Kg6 53.Qxd4 Qd1+ 54.Ke3 Qg1+
55.Ke4 Qxg2 56.Qd6+ Kf7 57.Qd7+ Kf8 58.Qf5+ Ke7 59.Qc5+ Kf7 60.h4 Qe2+ 61.Kf4 Qh2+
62.Ke3 Qg1+ 63.Ke4 Qe1+ 64.Kd5 Qe6+ 65.Kd4 Qf6+ 66.Ke3 Qh6+ 67.f4 Qxh4 68.Qc7+ Kf8
69.Qd6+ Kf7 70.Qd5+ Kf8 71.Qf5+ Ke8 72.Qg6+ Kf8 73.Qd6+ Kf7 74.Qd7+ Kf8 75.Qf5+ Ke8
76.Qe6+ Kf8 77.Qxa6 Qe1+ 78.Kf3 Qd1+ 79.Kg3 Qg1+ 80.Kh4 Qe1+ 81.Kg5 Qxb4
82.Qc8+ Kf7 83.Qd7+ Kg8 84.f5 Qc5 85.Qe8+ Kh7 86.Qf7+ Kh8 87.Qf6+ Kh7 88.Qh6+ Kg8
89.Qe6+ Kg7 90.Qd7+ Kf8 91.Kf6 Qc3+ 92.Ke6 Qc4+ 93.Qd5 Qc8+ 94.Kf6 Qc3+ 95.Qe5 Qc6+
96.Qe6 Qc3+ 97.Qe5 Qc6+ 98.Kg5 Qxc2 99.Qxb5 Qd2+ 100.Kg6 Qd6+ 101.Kh5 Qh2+
102.Kg4 Qg2+ 103.Kf4 Qf2+ 104.Ke4 Qe1+ 105.Kd5 Kf7 106.Qd7+  1/2-1/2

[Event "It"]
[Site "Leposavic YUG"]
[Date "2003.06.16"]
[Round "4"]
[White "Savicevic,V"]
[Black "Kocovski,I"]
[Result "1/2-1/2"]
[WhiteElo "2387"]
[BlackElo "2271"]

1.e4 d5 2.exd5 Qxd5 3.Nc3 Qd8 4.d4 Nf6 5.Bc4 c6 6.Bf4 Bf5 7.Nf3 e6 8.O-O Be7
9.h3 Nbd7 10.Qe2 Nb6 11.Bb3 Nfd5 12.Bd2 Nxc3 13.Bxc3 h5 14.Ne5 h4 15.Rfe1 O-O
16.a3 Rc8 17.Rad1 Nd5 18.Bd2 b5 19.c3 Qc7 20.Qh5 Rcd8 21.Bc1 c5 22.dxc5 Nf6
23.Qe2 Ne4 24.Nf3 Nxc5 25.Bc2 Bxc2 26.Qxc2 Rxd1 27.Rxd1 Rd8 28.Be3  1/2-1/2

[Event "It"]
[Site "Leposavic YUG"]
[Date "2003.06.19"]
[Round "9"]
[White "Radulski,J"]
[Black "Kocovski,I"]
[Result "1-0"]
[WhiteElo "2493"]
[BlackElo "2271"]

1.e4 d5 2.exd5 Qxd5 3.Nc3 Qd8 4.d4 Nf6 5.Nf3 c6 6.Bc4 Bf5 7.Ne5 e6 8.g4 Bg6
9.h4 Bb4 10.f3 Nd5 11.Bd2 Nb6 12.Bb3 Qxd4 13.Nxg6 hxg6 14.Qe2 Be7 15.O-O-O N8d7
16.Ne4 Qe5 17.f4 Qc7 18.f5 gxf5 19.gxf5 O-O-O 20.fxe6 fxe6 21.Bxe6 Kb8 22.Rdg1 Nc5
23.Nxc5 Bxc5 24.Rf1 Rhe8 25.Bf4 Bd6 26.Bg5 Be7 27.Qg4 Nd5 28.Rf7 Qe5 29.Bxe7 Rxe7
30.Rxe7 Nxe7 31.Rg1 Rd6 32.Bf7 Rf6 33.Be8 Qe3+ 34.Kb1 Nd5 35.Bg6 Rf4 36.Qg5 Qe7
37.a3 Rxh4 38.Qg3+ Nc7 39.Re1 Rg4 40.Qxc7+ Qxc7 41.Re8+ Qd8 42.Rxd8+ Kc7
43.Rd7+ Kxd7 44.Bf5+ Kd6 45.Bxg4 g5 46.Kc1 Ke5 47.Kd2 Kf4 48.Bc8  1-0

[Event "It"]
[Site "Pancevo YUG"]
[Date "2003.06.21"]
[Round "2"]
[White "Todorovic,GM"]
[Black "Radlovacki,J"]
[Result "1-0"]
[WhiteElo "2459"]
[BlackElo "2411"]

1.e4 d5 2.exd5 Qxd5 3.Nc3 Qd6 4.d4 Nf6 5.Bc4 a6 6.Nf3 b5 7.Bb3 Bb7 8.Qe2 e6
9.Bg5 Be7 10.O-O-O c5 11.dxc5 Qxc5 12.Ne5 Ne4 13.Nxe4 Qxe5 14.Nd6+ Qxd6 15.Rxd6 Bxg5+
16.Kb1 Be7 17.Rb6 Bc6 18.Qe5 O-O 19.Rxb8 Raxb8 20.Qc7 Bxg2 21.Rg1 Rb7 22.Qg3 Bf6
23.Qxg2 Rb6 24.Qf3 Be7 25.c3 g6 26.Rd1 Bd6  1-0

[Event "zt 3.2a"]
[Site "Ho Chi Minh City VIE"]
[Date "2003.06.24"]
[Round "5"]
[White "Yeo Min Yang,E"]
[Black "Foudzi,J"]
[Result "1-0"]
[WhiteElo "2173"]
[BlackElo "2042"]

1.e4 d5 2.exd5 Qxd5 3.Nc3 Qd6 4.d4 Nf6 5.Nf3 c6 6.Be3 Bg4 7.h3 Bh5 8.g4 Bg6
9.Ne5 Nbd7 10.Nxg6 hxg6 11.Qf3 e6 12.O-O-O Nd5 13.Ne4 Qc7 14.Bd2 N7f6 15.Ng5 Nh7
16.c4 Nxg5 17.Bxg5 Be7 18.Bd2 Nf6 19.Kb1 Qd7 20.Bc1 Bd6 21.Bg2 O-O-O 22.Rhe1 Rhe8
23.h4 Kb8 24.Re3 Qc7 25.Rb3 Rc8 26.Bg5 Be7 27.Be3 Bd6 28.g5 Nh5 29.d5 cxd5
30.cxd5 Qc2+ 31.Ka1 e5 32.Bh3 Rc4 33.Qh1 Rxh4 34.Qf1 Rxh3 35.Rc1 Qf5 36.Rxb7+ Kxb7
37.Qb5+ Ka8 38.Qxe8+ Kb7 39.Qc6+ Kb8 40.Qxd6+  1-0

[Event "It"]
[Site "Pancevo YUG"]
[Date "2003.06.28"]
[Round "9"]
[White "Matulovic,M"]
[Black "Radlovacki,J"]
[Result "1-0"]
[WhiteElo "2432"]
[BlackElo "2411"]

1.e4 d5 2.exd5 Qxd5 3.Nc3 Qd6 4.d4 Nf6 5.Nf3 a6 6.h3 Bf5 7.Bd3 Bxd3 8.Qxd3 Nc6
9.O-O Nb4 10.Qe2 e6 11.Bg5 c6 12.Bxf6 gxf6 13.Ne4 Qe7 14.c4 a5 15.a3 Na6
16.d5 Bg7 17.Rad1 O-O 18.d6 Qd7 19.g4 Kh8 20.Kh2 h6 21.Qd2 Qd8 22.Rg1 Nb8
23.Ng3 Nd7 24.Nh5 Qb6 25.Nxg7 Kxg7 26.g5 Rh8 27.gxf6+ Kf8 28.Rg2 Qd8 29.Qf4 Qxf6
30.Qxf6 Nxf6 31.Ne5 a4 32.Rg3 Rh7 33.c5 Rd8 34.Rd4 Nd5 35.Rdg4 Nf6 36.Rxa4 Nh5
37.Rf3 f5 38.Ra7 Nf6 39.b4 h5 40.Rg3 h4 41.Rg6 Nd7 42.Rxe6 Nxe5 43.Rxe5  1-0

[Event "2nd Open"]
[Site "La Fere FRA"]
[Date "2003.07.02"]
[Round "6"]
[White "Michiels,B"]
[Black "Bratanov,Z"]
[Result "1-0"]
[WhiteElo "2302"]
[BlackElo "2389"]

1.e4 d5 2.exd5 Qxd5 3.Nc3 Qd6 4.d4 Nf6 5.Nf3 a6 6.g3 b5 7.Bg2 Bb7 8.O-O e6
9.Bf4 Qb6 10.a4 Nbd7 11.a5 Qa7 12.Bxc7 Rc8 13.Bf4 Be7 14.Qe2 O-O 15.Rfd1 Qa8
16.d5 Rxc3 17.bxc3 Nxd5 18.Bd2 Rc8 19.Be1 Bf6 20.Ra3 Rc4 21.Qf1 Qf8 22.Raa1 Rc7
23.Nd2 Bxc3 24.Ra2 Nc5 25.Ne4 Na4 26.Rc1 Bxe1 27.Qxe1 Nac3 28.Raa1 Qb4 29.Nxc3 Qxc3
30.Qxc3 Rxc3 31.Kf1 Kf8 32.Ke1 Ke7 33.Kd2 Rc5 34.c3 Kd6 35.Bf1 Nf6 36.c4 bxc4
37.Rxc4 Rf5 38.Rb4 Bd5 39.Rb6+ Ke7 40.Ke1 Ng4 41.Bxa6 Re5+ 42.Be2 Nxh2 43.Kd1 Nf3
44.Bxf3 Bxf3+ 45.Kd2 g5 46.Rb2 h5 47.a6 Re2+ 48.Kc3 Rxb2 49.Kxb2 Kd6 50.a7 Ba8
51.Rc1 Kd7 52.Rc5 h4 53.Rxg5 hxg3 54.Rxg3  1-0

[Event "It"]
[Site "Brno CZE"]
[Date "2003.07.04"]
[Round "9"]
[White "Vyskocil,N"]
[Black "Pisk,P"]
[Result "1/2-1/2"]
[WhiteElo "2381"]
[BlackElo "2335"]

1.e4 d5 2.exd5 Qxd5 3.Nc3 Qd6 4.d4 Nf6 5.Nge2 a6 6.Bf4 Qb6 7.Qd2 Bf5 8.O-O-O Nc6
9.Ng3 Bg6 10.Bd3 O-O-O 11.Be3 Qa5 12.Bxg6 hxg6 13.Qe2 e6 14.Kb1 Rh4  1/2-1/2

[Event "32nd TCh-GRE"]
[Site "Kallithea Chalkidiki GRE"]
[Date "2003.07.04"]
[Round "1"]
[White "Kouvatsou,M"]
[Black "Baloutsou,V"]
[Result "1/2-1/2"]
[WhiteElo "2235"]
[BlackElo "2043"]

1.e4 d5 2.exd5 Qxd5 3.Nc3 Qd8 4.d4 Nf6 5.Nf3 c6 6.Ne5 Bf5 7.g4 Bg6 8.h4 Nbd7
9.Qe2 Nxe5 10.dxe5 Nd5 11.h5 Nxc3 12.bxc3 Qd5 13.Rh3 Be4 14.f3 Bxc2 15.Qxc2 Qxe5+
16.Kf2 e6 17.Be3 Bc5 18.Re1 Rd8 19.Bd3 h6 20.Bxc5 Qxc5+ 21.Kg2 Qd5 22.Be4 Qg5
23.Re2 O-O 24.Rg3 Rd7 25.Rf2 Qf4 26.Bh7+ Kh8 27.Qe4 Qc1 28.Qc2 Qf4 29.Qe4 Qc1
30.f4 Rd1 31.Qc2 Rg1+ 32.Kh2 Rh1+ 33.Kg2 Rg1+ 34.Kh2 Rh1+  1/2-1/2

[Event "32nd TCh-GRE"]
[Site "Kallithea Chalkidiki GRE"]
[Date "2003.07.07"]
[Round "4"]
[White "Makropoulou,M"]
[Black "Baloutsou,V"]
[Result "1-0"]
[WhiteElo "2225"]
[BlackElo "2043"]

1.e4 d5 2.exd5 Qxd5 3.Nc3 Qd8 4.Bc4 c6 5.Nf3 Nf6 6.Ne5 e6 7.d4 Bb4 8.O-O Bxc3
9.bxc3 O-O 10.Bg5 Nbd7 11.Ng4 Qa5 12.Nxf6+ Nxf6 13.Bxf6 gxf6 14.Qf3 Qg5 15.Bd3 Bd7
16.Qh3 f5 17.f4 Qg4 18.Qe3 c5 19.Rf3 Kh8 20.Rg3 Qh4 21.Qe5+ f6 22.Qc7 Rf7
23.Qxb7 Rg8 24.Rxg8+ Kxg8 25.Qa8+ Kg7 26.Rf1 cxd4 27.cxd4 h6 28.Qf3 Qg4 29.Be2 Qxf3
30.Bxf3 Bb5 31.Rb1 Bc4 32.a3 Rc7 33.Rb7 Rxb7 34.Bxb7 Kf7 35.Kf2 Ke7 36.Bf3 Kd6
37.Ke3 a5 38.g3 Kc7 39.Kd2 Kd6 40.Kc3 Bb5 41.Kb3 e5 42.c4 e4 43.Bh5 Bd7 44.Kc3 Bc8
45.Be2 Bd7 46.Bd1 Bc6 47.d5 Bb7 48.Kd4 Ba6 49.Be2 Bb7 50.c5+ Kc7 51.Bb5 Bc8
52.d6+ Kd8 53.c6 Be6 54.c7+ Kc8 55.Ba6+  1-0

[Event "Open"]
[Site "Montpellier FRA"]
[Date "2003.07.07"]
[Round "1"]
[White "Cornette,M"]
[Black "Diakonov,M"]
[Result "0-1"]
[WhiteElo "2366"]
[BlackElo "2096"]

1.e4 d5 2.exd5 Qxd5 3.Nc3 Qd6 4.d4 c6 5.Nf3 Nf6 6.g3 Bg4 7.Bg2 e6 8.O-O Nbd7
9.Bf4 Qb4 10.Rb1 Nd5 11.Nxd5 cxd5 12.c3 Qb5 13.Qb3 Qxb3 14.axb3 Rc8 15.Nd2 f6
16.h3 Bf5 17.Ra1 g5 18.Be3 a6 19.Rfe1 Kf7 20.c4 Nb6 21.c5 Nd7 22.f4 gxf4
23.Bxf4 Nb8 24.g4 Bg6 25.Bxb8 Rxb8 26.Ra4 Bg7 27.Rb4 b5 28.cxb6 Bf8 29.Ra4 Rxb6
30.Rc1 Bd6 31.Rc3 Rhb8 32.Rf3 Ke7 33.Ra1 e5 34.dxe5 fxe5 35.Re1 Bc5+ 36.Kh1 e4
37.h4 Bb4 38.Rd3 Rd8 39.h5 Bf7 40.Re2 Be6 41.Rd4 Bc5 42.Ra4 Bxg4 43.Nxe4 Bxe2
44.Nxc5 d4 45.Nb7 Bb5 46.Rb4 Rg8 47.Rxd4 Rxg2 48.Kxg2 Rxb7 49.b4 Ke6 50.Kg3 Ke5
51.Rd8 Rd7 52.Rc8 Bd3 53.Rc3 Kd4 54.Kf4 Rd5 55.h6 Rd6  0-1

[Event "Masters"]
[Site "Saint Lo FRA"]
[Date "2003.07.11"]
[Round "3"]
[White "Philippe,C"]
[Black "Mateuta,G"]
[Result "1/2-1/2"]
[WhiteElo "2360"]
[BlackElo "2435"]

1.e4 d5 2.exd5 Qxd5 3.Nc3 Qd8 4.d4 Nf6 5.Nf3 c6 6.Bc4 Bf5 7.Ne5 e6 8.g4 Bg6
9.h4 Nbd7 10.f3 Qc7 11.Bf4 Bd6 12.Qd2 O-O 13.h5 Bxc2 14.Qxc2 Nxe5 15.dxe5 Bxe5
16.Bxe5 Qxe5+ 17.Qe2 Qg3+ 18.Kf1 Rad8 19.Rd1 Rxd1+ 20.Nxd1 Rd8 21.Nf2 b5
22.Bb3 Rd4 23.Rg1 Qf4 24.Kg2 g6 25.hxg6 hxg6 26.Rd1 a5 27.Rxd4 Qxd4 28.Ne4 Nxe4
29.fxe4 a4 30.Bd1 c5 31.Qc2 c4 32.Be2 Qe3 33.Bf3 a3 34.bxa3 Qxa3 35.Be2 Qe3
36.a4 bxa4 37.Bxc4 a3 38.Ba2 Kg7 39.Bc4 Kh6 40.Ba2 Kg5 41.Bb1 Kxg4 42.Kf1 Qh3+
43.Kg1 Qg3+ 44.Kf1 g5 45.Ba2 Kh3 46.Bc4 g4 47.Qd2 Qf3+ 48.Kg1 Qg3+ 49.Kh1  1/2-1/2

[Event "1st Stage Russian Cup"]
[Site "Tomsk RUS"]
[Date "2003.07.11"]
[Round "8"]
[White "Shmakov,D"]
[Black "Lysyj,I"]
[Result "1/2-1/2"]
[WhiteElo "2375"]
[BlackElo "2490"]

1.e4 d5 2.exd5 Qxd5 3.Nc3 Qd6 4.g3 Nc6 5.Bg2 Nf6 6.h3 Bf5 7.d3 a6 8.g4 Bg6
9.f4 e6 10.Qf3 Nd4 11.Qf2 Qb6 12.f5 exf5 13.g5 Nd7 14.Nd5 Qa5+ 15.Bd2 Qc5
16.Bc3 Ne6 17.d4 Qd6 18.Bb4 c5 19.dxc5 Qe5+ 20.Ne2 Bxc5 21.Bxc5 Ndxc5 22.O-O-O O-O  1/2-1/2

[Event "Open"]
[Site "Montpellier FRA"]
[Date "2003.07.12"]
[Round "6"]
[White "Vajda,S"]
[Black "Giffard,N"]
[Result "1/2-1/2"]
[WhiteElo "2403"]
[BlackElo "2336"]

1.e4 d5 2.exd5 Qxd5 3.Nc3 Qd6 4.d4 Nf6 5.Bc4 a6 6.Nf3 b5 7.Bd3 Bb7 8.Qe2 e6
9.a4 b4 10.Ne4 Nxe4 11.Bxe4 Bxe4 12.Qxe4 Qd5 13.Qxd5 exd5  1/2-1/2

[Event "13th S&WYM"]
[Site "Millfield School ENG"]
[Date "2003.07.14"]
[Round "6"]
[White "Trent,L"]
[Black "Hanley,C"]
[Result "0-1"]
[WhiteElo "2299"]
[BlackElo "2387"]

1.e4 d5 2.exd5 Qxd5 3.Nc3 Qd6 4.Nf3 Nf6 5.Bc4 a6 6.a4 Nc6 7.h3 Be6 8.Qe2 Bxc4
9.Qxc4 Nb4 10.Qb3 e6 11.O-O Be7 12.d3 O-O 13.Bg5 c5 14.Bxf6 gxf6 15.Ne4 Qd5
16.Qc3 Kg7 17.Rfe1 Rac8 18.Qd2 Rg8 19.Rac1 Nc6 20.Qf4 f5 21.Nc3 Qd6 22.Qxd6 Bxd6
23.Ne2 Kf6 24.c3 Rgd8 25.Red1 Bf8 26.Ra1 Na5 27.d4 cxd4 28.Nfxd4 e5 29.Nc2 Nb3
30.Rab1 Bc5 31.Nb4 Nd2 32.Rbc1 a5 33.Nc2 Nb3 34.Rb1 f4 35.Ne1 Nd2 36.Rbc1 Ne4
37.Nd3 Rxd3 38.Rxd3 Nxf2 39.Rd7 Nd3+ 40.Kf1 Nxc1 41.Nxc1 b6 42.Nd3 Be3 43.Rd6+ Kf5
44.Ke2 Rg8 45.Ne1 e4 46.Rd5+ Ke6 47.Rd1 f5 48.Kf1 Rg3 49.Ke2 Bc5 50.Rd8 f3+
51.gxf3 Rxh3 52.fxe4 Rh2+ 53.Kf3 fxe4+ 54.Kg3 Rxb2 55.Ng2 Bd6+ 56.Nf4+ Bxf4+
57.Kxf4 Rb3 58.Rh8 Rxc3 59.Rxh7 Kd5 60.Rd7+ Kc5 61.Kxe4 Rc4+ 62.Ke5 Rxa4
63.Rd5+ Kc6 64.Rd6+ Kb5 65.Rd5+ Ka6 66.Rd1 Rc4 67.Kd5 Rc8 68.Ra1 b5 69.Rh1 a4  0-1

[Event "ch-GBR"]
[Site "Edinburgh SCO"]
[Date "2003.07.15"]
[Round "2"]
[White "Longson,A"]
[Black "Hanley,C"]
[Result "1/2-1/2"]
[WhiteElo "2225"]
[BlackElo "2387"]

1.e4 d5 2.exd5 Qxd5 3.Nc3 Qd6 4.d4 Nf6 5.Nf3 a6 6.g3 Bg4 7.Bg2 Nc6 8.Bf4 Qb4
9.d5 O-O-O 10.O-O e5 11.Bd2 Nd4 12.Ne2 Bxf3 13.Bxb4 Nxe2+ 14.Kh1 Nxg3+ 15.hxg3 Bxd1
16.Bxf8 Rhxf8 17.Raxd1 Rd6 18.c4 Nd7 19.b4 f5 20.c5 Rh6+ 21.Kg1 f4 22.Rfe1 Rf5
23.gxf4 Rxf4 24.c6 bxc6 25.dxc6 Nb8 26.Rc1 Rff6 27.Rxe5 Nxc6 28.Rec5 Kd7
29.R5c4 Rd6 30.a4 g5 31.Kf1 Ne5 32.Rxc7+ Ke6 33.Re1 Kf6 34.Rb1 g4 35.b5 axb5
36.axb5 Kf5 37.Rc5 Rhe6 38.Re1 Kf6 39.Ra1  1/2-1/2

[Event "24th Open"]
[Site "Bled SLO"]
[Date "2003.07.16"]
[Round "3"]
[White "Crepan,M"]
[Black "Nikolov,Sa"]
[Result "0-1"]
[WhiteElo "2250"]
[BlackElo "2399"]

1.e4 d5 2.exd5 Qxd5 3.Nc3 Qd6 4.d4 Nf6 5.Bc4 a6 6.Nge2 b5 7.Bb3 Bb7 8.O-O e6
9.Qd3 c5 10.dxc5 Qc6 11.Qh3 Bxc5 12.Be3 Bxe3 13.fxe3 Nbd7 14.Nd4 Qb6 15.Bxe6 fxe6
16.Nxe6 Kf7 17.Rad1 Ne5 18.Ng5+ Kg8 19.Rd4 Re8 20.Nce4 Neg4 21.Nxf6+ Nxf6
22.Qg3 h6 23.Nh3 Kh7 24.Nf4 Ne4 25.Qh3 Rhf8 26.Rfd1 Re5 27.c3 Rfe8 28.a4 Ng5
29.Qg4 bxa4 30.h4 Qxb2 31.Rb4 Bc8 32.Qh5 Qxc3 33.Qg6+ Kh8 34.hxg5 Qxb4 35.gxh6 Qe7
36.Rd6 Rg5 37.hxg7+ Kg8 38.Qh6 Qxe3+ 39.Kh1 Qe1+  0-1

[Event "24th Open"]
[Site "Bled SLO"]
[Date "2003.07.16"]
[Round "4"]
[White "Zorko,Ju"]
[Black "Vukovic,Zd"]
[Result "0-1"]
[WhiteElo "2219"]
[BlackElo "2439"]

1.e4 d5 2.exd5 Qxd5 3.Nc3 Qd8 4.d4 Nf6 5.Nf3 c6 6.Bc4 b5 7.Bb3 e6 8.O-O Nbd7
9.Bg5 Qc7 10.Qe2 Bd6 11.Ne4 Bf4 12.Nxf6+ Nxf6 13.Bxf4 Qxf4 14.Qe5 Qxe5 15.Nxe5 Bb7
16.a4 Nd7 17.Nxd7 Kxd7 18.a5 Ba6 19.Rfe1 b4 20.f4 g6 21.Re5 Rab8 22.Kf2 Rb5
23.Rxb5 Bxb5 24.Re1 Kd6 25.Re5 h5 26.h4 Rb8 27.g3 Rc8 28.Rc5 Rb8 29.Ke3 Bf1
30.Kf2 Bb5 31.Ke3 Bf1 32.Ba4 Bg2 33.Kd2 Bd5 34.c4 bxc3+ 35.Kxc3 f6 36.b4 g5
37.fxg5 fxg5 38.Bd1 gxh4 39.gxh4 Rg8 40.Bxh5 Rg3+ 41.Kc2 Rh3 42.Be2 Rxh4
43.Kc3 Rh3+ 44.Kc2 Rh2 45.Kd3 Rh1 46.Kc2 Rh2 47.Kd3 e5 48.dxe5+ Kxe5 49.Rc1 Rh3+
50.Kc2 Rb3 51.Rb1 Ra3 52.Re1 Be4+ 53.Kd2 Kd4 54.Bd1 Ra2+ 55.Kc1 Kc3 56.Re3+ Bd3
57.Rxd3+ Kxd3 58.Bf3 Kc3 59.Kb1 Ra3  0-1

[Event "Intel Pentium4"]
[Site "Milan ITA"]
[Date "2003.07.16"]
[Round "3"]
[White "Brunello,S"]
[Black "Borgo,G"]
[Result "0-1"]
[WhiteElo "2234"]
[BlackElo "2423"]

1.e4 d5 2.exd5 Qxd5 3.Nc3 Qd6 4.d4 Nf6 5.Nf3 a6 6.Ne5 Nc6 7.Bf4 Bg4 8.Qd2 Nxe5
9.Bxe5 Qd7 10.h3 Be6 11.Bxf6 gxf6 12.d5 Bf5 13.g4 Bg6 14.O-O-O h5 15.Be2 Bh6
16.f4 e5 17.g5 fxg5 18.fxg5 Bg7 19.Kb1 e4 20.Qe3 Qe7 21.d6 cxd6 22.Nd5 Qe5
23.c3 O-O 24.Rhe1 Kh7 25.Nf4 b5 26.Rd5 Qe7 27.Nxh5 Be5 28.Nf6+ Kg7 29.h4 Qa7
30.Qc1 Qf2 31.Bg4 Qxh4 32.Rdd1 b4 33.Rh1 Qf2 34.Rdf1 e3+ 35.Ka1 Qd2 36.Qxd2 exd2
37.cxb4 Rfc8 38.Bxc8 Rxc8 39.Ng4 Bd4 40.a3 Be4  0-1